<?xml version="1.0" encoding="UTF-8"?>
<record
    xmlns:xsi="http://www.w3.org/2001/XMLSchema-instance"
    xsi:schemaLocation="http://www.loc.gov/MARC21/slim http://www.loc.gov/standards/marcxml/schema/MARC21slim.xsd"
    xmlns="http://www.loc.gov/MARC21/slim">

  <leader>04602cam a2200409   4500500</leader>
  <controlfield tag="005">20260517000328.0</controlfield>
  <datafield tag="041" ind1=" " ind2=" ">
    <subfield code="a">fre</subfield>
  </datafield>
  <datafield tag="042" ind1=" " ind2=" ">
    <subfield code="a">dc</subfield>
  </datafield>
  <datafield tag="100" ind1="1" ind2="0">
    <subfield code="a">Hien, Herv&#xE9;</subfield>
    <subfield code="e">author</subfield>
  </datafield>
  <datafield tag="700" ind1="1" ind2="0">
    <subfield code="a">Drabo, Maxime</subfield>
    <subfield code="e">author</subfield>
  </datafield>
  <datafield tag="700" ind1="1" ind2="0">
    <subfield code="a">Ou&#xE9;draogo, Laurent</subfield>
    <subfield code="e">author</subfield>
  </datafield>
  <datafield tag="700" ind1="1" ind2="0">
    <subfield code="a">Konf&#xE9;, Salifou</subfield>
    <subfield code="e">author</subfield>
  </datafield>
  <datafield tag="700" ind1="1" ind2="0">
    <subfield code="a">Sanou, Dj&#xE9;n&#xE9;ba</subfield>
    <subfield code="e">author</subfield>
  </datafield>
  <datafield tag="700" ind1="1" ind2="0">
    <subfield code="a">Z&#xE9;ba, Sylvain</subfield>
    <subfield code="e">author</subfield>
  </datafield>
  <datafield tag="700" ind1="1" ind2="0">
    <subfield code="a">Compaor&#xE9;, Sidzabda Christian</subfield>
    <subfield code="e">author</subfield>
  </datafield>
  <datafield tag="700" ind1="1" ind2="0">
    <subfield code="a">Ou&#xE9;draogo, Jean-Bosco</subfield>
    <subfield code="e">author</subfield>
  </datafield>
  <datafield tag="700" ind1="1" ind2="0">
    <subfield code="a">M&#xE9;da, Nicolas</subfield>
    <subfield code="e">author</subfield>
  </datafield>
  <datafield tag="245" ind1="0" ind2="0">
    <subfield code="a">Connaissances et pratiques des professionnels de sant&#xE9; sur le risque infectieux associ&#xE9; aux soins&#xA0;: &#xE9;tude dans un h&#xF4;pital de district au Burkina Faso</subfield>
  </datafield>
  <datafield tag="260" ind1=" " ind2=" ">
    <subfield code="c">2013.
							</subfield>
  </datafield>
  <datafield tag="500" ind1=" " ind2=" ">
    <subfield code="a">2</subfield>
  </datafield>
  <datafield tag="520" ind1=" " ind2=" ">
    <subfield code="a">Introduction&#xA0;: les infections associ&#xE9;es aux soins sont le r&#xE9;sultat fr&#xE9;quent des soins non s&#xE9;curis&#xE9;s. Cependant, la place des professionnels de sant&#xE9; dans le processus de s&#xE9;curit&#xE9; des patients reste m&#xE9;connue au Burkina Faso. Les objectifs de cette &#xE9;tude &#xE9;taient i) d&#x2019;analyser les connaissances des professionnels de sant&#xE9; sur les risques infectieux, ii) de mesurer le niveau d&#x2019;application des r&#xE8;gles d&#x2019;hygi&#xE8;ne des mains et de barri&#xE8;res pour la s&#xE9;curit&#xE9; des patients. M&#xE9;thodes&#xA0;: nous avons r&#xE9;alis&#xE9; une &#xE9;tude transversale dite d&#x2019;un jour en juin 2011 dans l&#x2019;h&#xF4;pital de district sanitaire de Ziniar&#xE9;. Elle a concern&#xE9; les professionnels de sant&#xE9; pr&#xE9;sents le jour de l&#x2019;enqu&#xEA;te dans les unit&#xE9;s de soins de l&#x2019;h&#xF4;pital. Une enqu&#xEA;te par questionnaire auto administr&#xE9; et une observation non participative des pratiques d&#x2019;hygi&#xE8;ne ont &#xE9;t&#xE9; r&#xE9;alis&#xE9;s. R&#xE9;sultats&#xA0;: au total, 56 professionnels de sant&#xE9; ont &#xE9;t&#xE9; inclus dans notre &#xE9;tude. Parmi ces professionnels de sant&#xE9; 30,04&#xA0;% connaissaient la d&#xE9;finition d&#x2019;une infection nosocomiale. Seulement 44,4&#xA0;% ont d&#xE9;clar&#xE9; que la main du personnel soignant en l&#x2019;absence d&#x2019;hygi&#xE8;ne &#xE9;tait le principal mode de transmission crois&#xE9;e des germes entre les malades dans un &#xE9;tablissement de soins. La pratique d&#x2019;hygi&#xE8;ne par les professionnels de sant&#xE9; &#xE9;tait faible (score de 36,85&#xA0;%). Conclusion&#xA0;: la d&#xE9;marche qualit&#xE9; de soins et s&#xE9;curit&#xE9; des patients doit prendre en compte la dimension de la formation et un changement de comportement des professionnels de sant&#xE9;.</subfield>
  </datafield>
  <datafield tag="520" ind1=" " ind2=" ">
    <subfield code="a">Knowledge and practices of health care workers in the area of healthcare-associated infection risks. A case study in a district hospital in Burkina Faso Introduction: Healthcare-associated infections are a common consequence of unsafe health care practices and are a major issue for patient safety. Health care workers play a key role in patient safety and the quality of care, with factors such as poor compliance with hygiene standards and poor knowledge of infection risks having a major impact. However, the role of health care workers in patient safety has been overlooked in the literature. The objectives of this study were i) to examine health care workers&#x2019; awareness of infection risks and ii) to assess levels of hand hygiene compliance and barriers to patient safety. Methods: A one-day cross-sectional survey was conducted in June 2011 at the Ziniar&#xE9; health district hospital. The study focused on the health care workers present on the day of the survey in hospital care units and involved interviews and observations. Results: The study found that 30.04% of the health care workers knew the definition of healthcare-associated infections. Only 44.4% of the health care workers reported that the hands of health care workers (in the event of poor hand hygiene compliance) were the main mode of transmission of germs between patients in a care facility. In addition, only 21.43% (12/56) of the participants were aware of the main factors that increase the risk of health care-associated infections. The level of compliance with hygiene protocols was low (36.85%). Conclusion: The promotion of patient safety and quality of care requires a focus on training and behavior change among health care workers.</subfield>
  </datafield>
  <datafield tag="690" ind1=" " ind2=" ">
    <subfield code="a">connaissances</subfield>
  </datafield>
  <datafield tag="690" ind1=" " ind2=" ">
    <subfield code="a">h&#xF4;pital</subfield>
  </datafield>
  <datafield tag="690" ind1=" " ind2=" ">
    <subfield code="a">infections associ&#xE9;es aux soins</subfield>
  </datafield>
  <datafield tag="690" ind1=" " ind2=" ">
    <subfield code="a">pratiques</subfield>
  </datafield>
  <datafield tag="690" ind1=" " ind2=" ">
    <subfield code="a">professionnels de sant&#xE9;</subfield>
  </datafield>
  <datafield tag="690" ind1=" " ind2=" ">
    <subfield code="a">risques</subfield>
  </datafield>
  <datafield tag="690" ind1=" " ind2=" ">
    <subfield code="a">health care workers</subfield>
  </datafield>
  <datafield tag="690" ind1=" " ind2=" ">
    <subfield code="a">healthcare-associated infection</subfield>
  </datafield>
  <datafield tag="690" ind1=" " ind2=" ">
    <subfield code="a">hospital</subfield>
  </datafield>
  <datafield tag="690" ind1=" " ind2=" ">
    <subfield code="a">knowledge</subfield>
  </datafield>
  <datafield tag="690" ind1=" " ind2=" ">
    <subfield code="a">practices</subfield>
  </datafield>
  <datafield tag="690" ind1=" " ind2=" ">
    <subfield code="a">risk</subfield>
  </datafield>
  <datafield tag="786" ind1="0" ind2=" ">
    <subfield code="n">Sant&#xE9; Publique | 25 | 2 | 2013-05-29 | p. 219-226 | 0995-3914</subfield>
  </datafield>
  <datafield tag="856" ind1="4" ind2="1">
    <subfield code="u">https://stm.cairn.info/revue-sante-publique-2013-2-page-219?lang=fr&amp;redirect-ssocas=7080</subfield>
  </datafield>
  <datafield tag="999" ind1=" " ind2=" ">
    <subfield code="c">2231331</subfield>
    <subfield code="d">2231331</subfield>
  </datafield>
</record>
